[Ľudmila Podjavorinská s Hanou Gregorovou]

Zobrazenie: Ľudmila Podjavorinská (zľava) s Hanou Gregorovou v Luhačoviciach.

Bibliographic Details
Format: Photo
Language:Slovak
PhysicalDescription:1 fotografia čb 10 x 14 cm
Published: [S.l. s.n. s.a.]
Subjects:

MARC

LEADER 00000nkmaa2200000 a 4500
001 vtls010668407
003 SK-MaSNL
005 20260301223139.0
007 kh bo
008 230802n xr | |||| k|slo
035 |a 2DA28FC3-FCE0-41D2-AAE5-7F098843CFF5 
035 |a urn:nbn:sk:snk-kmxxda 
035 |a urn:nbn:sk:snk-km004wxr 
040 |a SNKLA  |b slo  |c SNKLA  |e AACR2 
041 0 |a slo 
044 |a xr  |c CZ 
245 0 0 |a [Ľudmila Podjavorinská s Hanou Gregorovou]  |h grafika 
260 |a [S.l.  |b s.n.  |c s.a.] 
300 |a 1 fotografia  |b čb  |c 10 x 14 cm 
520 2 |a Zobrazenie: Ľudmila Podjavorinská (zľava) s Hanou Gregorovou v Luhačoviciach. 
600 1 7 |a Podjavorinská, Ľudmila,  |d 1872-1951  |2 SNKMA  |9 91301 
600 1 7 |a Gregorová, Hana,  |d 1885-1958  |2 SNKMA  |9 36968 
655 7 |a portrétne fotografie  |2 SNKLA  |9 305796 
852 7 |a Slovenská národná knižnica  |b Literárny archív 
958 |a BLA 
999 |c 942321  |d 944251 
952 |a SNKLA  |b SNKLA  |c SNKLA_DEP  |y NEVYP  |7 0  |p 17A1007267  |o snkK 21a/7  |i snkLA 1093/1994  |0 0  |1 0  |4 0  |d 2015-04-21  |f 1  |l 0  |r 2026-02-24 09:23:11  |w 2026-02-24